LIBRARY & INFORMATION CENTRE, KCAET, TAVANUR

ONLINE PUBLIC ACCESS CATALOGUE (OPAC)

Outlines of Tudor and Stuart plays 1497-1642 / (Record no. 5880)

MARC details
000 -LEADER
fixed length control field 00477cam a2200169ua 4500
041 ## - LANGUAGE CODE
Language code of text/sound track or separate title eng
082 ## - DEWEY DECIMAL CLASSIFICATION NUMBER
Classification number 822
Item number HOL/OU
100 ## - MAIN ENTRY--AUTHOR NAME
Personal name Holzknchet, Karl J .
245 ## - TITLE STATEMENT
Title Outlines of Tudor and Stuart plays 1497-1642 /
260 ## - PUBLICATION, DISTRIBUTION, ETC. (IMPRINT)
Place of publication New York :
Name of publisher Barnes & Noble ,
Year of publication 1959.
300 ## - PHYSICAL DESCRIPTION
Number of Pages 440 ; .
490 0# - SERIES STATEMENT
Series statement College Outline Series,
Volume number/sequential designation
942 ## - ADDED ENTRY ELEMENTS (KOHA)
Koha item type Books
Holdings
Withdrawn status Lost status Damaged status Home library Current library Date acquired Cost, normal purchase price Full call number Accession Number Koha item type
Withdrawn     KAUAET KAUAET 07/04/2012 2.25 822 3101 Books
free website counter